[Event "Karlsruhe Grenke op"]
[Site "Karlsruhe"]
[Date "2017.04.17"]
[Round "8"]
[White "Seyb, Alexander"]
[Black "Graf, Alexander"]
[Result "1-0"]
[WhiteElo "2407"]
[BlackElo "2577"]
[PlyCount "43"]
[EventDate "2017.04.13"]
[EventType "swiss"]
[EventRounds "9"]
[EventCountry "GER"]
[SourceTitle "CBM 177 Extra"]
[Source "ChessBase"]
[SourceDate "2017.04.27"]
[SourceVersion "1"]
[SourceVersionDate "2017.04.27"]
[SourceQuality "1"]

1. e4 e5 2. Nf3 Nc6 3. Bb5 g6 4. d4 exd4 5. Bg5 f6 6. Bh4 a6 7. Bc4 Bc5 8. c3 dxc3 9. Nxc3 d6 10. 0-0 Kf8 11. Qd5 Qe8 12. e5 fxe5 13. Ne4 Ba7 14. Nf6 Nce7 15. Qd2 Qc6 16. Nxe5 dxe5 17. Qd8+ Kg7 18. Ne8+ Kf8 19. Bxe7+ Nxe7 20. Nd6+ Kg7 21. Qxe7+ Kh6 22. Nf7+ 1-0

[Event "Karlsruhe Grenke op"]
[Site "Karlsruhe"]
[Date "2017.04.15"]
[Round "4"]
[White "Lodici, Lorenzo"]
[Black "Graf, Alexander"]
[Result "0-1"]
[WhiteElo "2402"]
[BlackElo "2577"]
[PlyCount "90"]
[EventDate "2017.04.13"]
[EventType "swiss"]
[EventRounds "9"]
[EventCountry "GER"]
[SourceTitle "CBM 177 Extra"]
[Source "ChessBase"]
[SourceDate "2017.04.27"]
[SourceVersion "1"]
[SourceVersionDate "2017.04.27"]
[SourceQuality "1"]

1. d4 d5 2. c4 c6 3. Nc3 Nf6 4. Nf3 e6 5. g3 Be7 6. Bg2 0-0 7. 0-0 b6 8. Ne5 Bb7 9. e4 Na6 10. Bf4 dxc4 11. Nxc4 b5 12. Ne3 Qb6 13. a4 Rfd8 14. Be5 Nb4 15. a5 Qa6 16. Qe2 c5 17. d5 Nd7 18. Bc7 Rdc8 19. d6 Bxd6 20. Bxd6 Qxd6 21. Rfd1 Qe7 22. Qxb5 Ne5 23. a6 Bc6 24. Qe2 c4 25. b3 cxb3 26. Rdb1 Rcb8 27. Rxb3 Nxa6 28. Rxb8+ Nxb8 29. f4 Qc5 30. Na4 Qb4 31. Nc2 Qa5 32. Qd1 Ng6 33. Nd4 Ne7 34. Nb3 Qc7 35. Rc1 Nd7 36. e5 Rd8 37. Qc2 Nb8 38. Qc5 Qd7 39. Bxc6 Nbxc6 40. Nc3 Qb7 41. Na5 Nxa5 42. Qxa5 Rc8 43. Rb1 Qf3 44. Rd1 Nd5 45. Qa6 Qxc3 0-1